| 000 -LEADER |
| fixed length control field |
02795cas a2200649 a 4500 |
| 001 - CONTROL NUMBER |
| control field |
11156993 |
| 003 - CONTROL NUMBER IDENTIFIER |
| control field |
NUST |
| 005 - DATE AND TIME OF LATEST TRANSACTION |
| control field |
20180703111813.0 |
| 008 - FIXED-LENGTH DATA ELEMENTS--GENERAL INFORMATION |
| fixed length control field |
750817d19571999ch qr p 0 a0eng c |
| 010 ## - LIBRARY OF CONGRESS CONTROL NUMBER |
| LC control number |
64044247 |
| 016 7# - NATIONAL BIBLIOGRAPHIC AGENCY CONTROL NUMBER |
| Record control number |
100967096 |
| Source |
DNLM |
| 016 ## - NATIONAL BIBLIOGRAPHIC AGENCY CONTROL NUMBER |
| Record control number |
(AMICUS)000000716278 |
| 022 ## - INTERNATIONAL STANDARD SERIAL NUMBER |
| International Standard Serial Number |
0009-4544 |
| ISSN-L |
0009-4544 |
| 035 ## - SYSTEM CONTROL NUMBER |
| System control number |
(OCoLC)ocm01554354 |
| 038 ## - RECORD CONTENT LICENSOR |
| Staff Name |
0 |
| 040 ## - CATALOGING SOURCE |
| Original cataloging agency |
MUL |
| Language of cataloging |
eng |
| Transcribing agency |
MUL |
| Modifying agency |
OCL |
| -- |
UCU |
| -- |
COO |
| -- |
YUS |
| -- |
IUL |
| -- |
NYG |
| -- |
HUL |
| -- |
DLC |
| -- |
NST |
| -- |
DLC |
| -- |
OCL |
| -- |
AIP |
| -- |
NST |
| -- |
DLC |
| -- |
IUL |
| -- |
WAU |
| -- |
SYS |
| -- |
IUL |
| -- |
NLM |
| -- |
OCLCQ |
| -- |
DLC |
| -- |
OCLCQ |
| -- |
IUL |
| -- |
OCLCF |
| -- |
OCLCQ |
| -- |
NLC |
| -- |
AVA |
| -- |
OCLCQ |
| -- |
GILDS |
| -- |
OCLCO |
| 041 0# - LANGUAGE CODE |
| Language code of text/sound track or separate title |
eng |
| -- |
chi |
| 042 ## - AUTHENTICATION CODE |
| Authentication code |
pcc |
| 043 ## - GEOGRAPHIC AREA CODE |
| Geographic area code |
a-cc--- |
| 050 00 - LIBRARY OF CONGRESS CALL NUMBER |
| Classification number |
DS701 |
| Item number |
.C647 |
| 066 ## - CHARACTER SETS PRESENT |
| Alternate G0 or G1 character set |
$1 |
| 082 04 - DEWEY DECIMAL CLASSIFICATION NUMBER |
| Classification number |
915.1 |
| Author Mark |
C538 |
| 100 ## - MAIN ENTRY--PERSONAL NAME |
| Relator code |
Yu Dong |
| 222 #0 - KEY TITLE |
| Key title |
Chinese culture |
| 245 00 - TITLE STATEMENT |
| Title |
Chinese culture. |
| 246 13 - VARYING FORM OF TITLE |
| Linkage |
880-01 |
| Title proper/short title |
Zhongguo wen hua ji kan |
| Date or sequential designation |
1999 |
| 260 ## - PUBLICATION, DISTRIBUTION, ETC. |
| Place of publication, distribution, etc. |
[Taipei, Taiwan] : |
| Name of publisher, distributor, etc. |
Chinese Cultural Research Institute, |
| Date of publication, distribution, etc. |
[-1999] |
| 300 ## - PHYSICAL DESCRIPTION |
| Extent |
146p |
| Other physical details |
illustrations ; |
| Dimensions |
19 cm |
| 310 ## - CURRENT PUBLICATION FREQUENCY |
| Current publication frequency |
Quarterly |
| 336 ## - CONTENT TYPE |
| Content type term |
text |
| Content type code |
txt |
| Source |
rdacontent |
| 337 ## - MEDIA TYPE |
| Media type term |
unmediated |
| Media type code |
n |
| Source |
rdamedia |
| 338 ## - CARRIER TYPE |
| Carrier type term |
volume |
| Carrier type code |
nc |
| Source |
rdacarrier |
| 362 0# - DATES OF PUBLICATION AND/OR SEQUENTIAL DESIGNATION |
| Dates of publication and/or sequential designation |
Vol. 1, no. 1 (July 1957)-v. 40, no. 2 (June 1999). |
| 530 ## - ADDITIONAL PHYSICAL FORM AVAILABLE NOTE |
| Additional physical form available note |
Also issued online. |
| 546 ## - LANGUAGE NOTE |
| Language note |
Chinese and English. |
| 550 ## - ISSUING BODY NOTE |
| Issuing body note |
Vols. for July 1957-Apr. 1958 published by the Chinese Cultural Research Institute; Mar. 1959-June 1962 published by the Institute of Chinese Culture; Oct. 1962- published under the auspices of the Institute for Advanced Chinese Studies, Chinese Cultural College; <Mar. 1974>-June 1999 published under the auspices of the Institute for Advanced Chinese Studies, China Academy. |
| 555 ## - CUMULATIVE INDEX/FINDING AIDS NOTE |
| Cumulative index/finding aids note |
Vols. 1 (1957)-v. 13 (1972), in v. 13. |
| 590 ## - LOCAL NOTE (RLIN) |
| Local note |
SERBIB/SERLOC merged record |
| 650 #7 - SUBJECT ADDED ENTRY--TOPICAL TERM |
| Topical term or geographic name entry element |
Study skills. |
| Source of heading or term |
fast |
| Authority record control number or standard number |
(OCoLC)fst01136216 |
| 9 (RLIN) |
11413 |
| 651 #0 - SUBJECT ADDED ENTRY--GEOGRAPHIC NAME |
| Geographic name |
China |
| General subdivision |
Study and teaching |
| Form subdivision |
Periodicals. |
| 9 (RLIN) |
11414 |
| 651 #7 - SUBJECT ADDED ENTRY--GEOGRAPHIC NAME |
| Geographic name |
China. |
| Source of heading or term |
fast |
| Authority record control number or standard number |
(OCoLC)fst01206073 |
| 9 (RLIN) |
11415 |
| 655 #7 - INDEX TERM--GENRE/FORM |
| Genre/form data or focus term |
Periodicals. |
| Source of term |
fast |
| Authority record control number |
(OCoLC)fst01411641 |
| 9 (RLIN) |
2739 |
| 655 #7 - INDEX TERM--GENRE/FORM |
| Genre/form data or focus term |
Periodicals |
| Geographic subdivision |
China |
| Chronological subdivision |
1957-9999. |
| Source of term |
aat |
| 9 (RLIN) |
11416 |
| 655 #7 - INDEX TERM--GENRE/FORM |
| Genre/form data or focus term |
Periodicals. |
| Source of term |
lcgft |
| 9 (RLIN) |
2739 |
| 710 2# - ADDED ENTRY--CORPORATE NAME |
| Corporate name or jurisdiction name as entry element |
Zhongguo wen hua yan jiu suo. |
| 9 (RLIN) |
11417 |
| 710 2# - ADDED ENTRY--CORPORATE NAME |
| Corporate name or jurisdiction name as entry element |
Zhongguo wen hua xue yuan. |
| Subordinate unit |
Institute for Advanced Chinese Studies. |
| 9 (RLIN) |
11418 |
| 710 2# - ADDED ENTRY--CORPORATE NAME |
| Corporate name or jurisdiction name as entry element |
Institute for Advanced Chinese Studies (Zhonghua xue shu yuan) |
| 9 (RLIN) |
11419 |
| 776 08 - ADDITIONAL PHYSICAL FORM ENTRY |
| Relationship information |
Online version: |
| Title |
Chinese culture |
| Record control number |
(OCoLC)564699882 |
| 880 13 - ALTERNATE GRAPHIC REPRESENTATION |
| Linkage |
246-01/$1 |
| Title |
中國文化集刊 |
| f |
Mar. 1959- |
| 906 ## - LOCAL DATA ELEMENT F, LDF (RLIN) |
| a |
7 |
| b |
cbc |
| c |
serials |
| d |
2 |
| e |
ncip |
| f |
19 |
| g |
n-oclcserc |
| 942 ## - ADDED ENTRY ELEMENTS (KOHA) |
| Source of classification or shelving scheme |
|
| Koha item type |
Book |